Statistics for 10 peninsula's In the world

Click here to take the quiz!

General Stats

  • This quiz has been taken 13 times
  • The average score is 3 of 8

Answer Stats

Answer% Correct
horn of africa
100%
south indian
77%
kola
62%
alaskan peninsula
31%
italian peninsula
31%
labrador peninsula
23%
michigan peninsula
8%
scanadavian peninsula
8%

Score Distribution

Percentile by Number Answered

Percent of People with Each Score

Your Score History

You have not taken this quiz